| 000 | 00720nam a22002417a 4500 | ||
|---|---|---|---|
| 003 | OSt | ||
| 005 | 20140310181918.0 | ||
| 008 | 130717t xxu||||| |||| 00| 0 eng d | ||
| 020 | _a0439081491 | ||
| 050 |
_aLB 1050.45 _b.Sp732 1999 |
||
| 082 |
_aTR 372.41t _bSch6 1999 |
||
| 100 |
_aSpache, George D. _9820 |
||
| 245 |
_aScholastic, project achievement : _breading. Book 6 / _cGeorge D. Spache |
||
| 260 |
_aNew York : _bScholastic, _cc1999. |
||
| 300 |
_a208 p. : _bill. ; _c23 cm. |
||
| 521 | _aFaculty | ||
| 541 | _j1 | ||
| 562 | _e1 | ||
| 650 |
_aReading (Elementary). _992 |
||
| 650 |
_aReading (Phonetic method). _9838 |
||
| 650 |
_aLanguage arts (Elementary). _9283 |
||
| 942 |
_2lcc _cBK-TR _kTR |
||
| 999 |
_c6848 _d6848 |
||